| 000 | 00000nam##2200000za#4500 |
| 001 | 9.557642 |
| 003 | CaOODSP |
| 005 | 20210624172007 |
| 007 | cr ||||||||||| |
| 008 | 150406|2001||||xxc|||||o f|0| 0 eng|d |
| 020 | |a0-662-65616-4 |
| 040 | |aCaOODSP|beng |
| 043 | |an-cn--- |
| 086 | 1 |aPF3-2/23-2001E-PDF |
| 110 | 1 |aCanada.|bCanada Information Office. |
| 245 | 10|aCanada's history |h[electronic resource] |
| 260 | |aOttawa - Ontario : |bCanada Information Office |cc2001. |
| 300 | |a4p. |
| 490 | 1 |aFacts on Canada |
| 590 | |a09-06-Supp|b2009-07-27 |
| 775 | 08|tL'histoire du Canada |w(CaOODSP)9.597770 |
| 830 | #0|aFacts on Canada.|w(CaOODSP)9.504484 |
| 856 | 40|ahttp://publications.gc.ca|qPDF|s154 KB|uhttps://publications.gc.ca/collections/Collection/PF3-2-23-2001E.pdf |